History Quiz

Random History Quiz

It Happened On May 2 Quiz Stats

 Plays Quiz not verified by Sporcle

Challenge
Share
Tweet
Embed
Score 0/15 Timer 10:00
0 Plays Today
Hint Answer % Correct
On May 2, 1611, a new translation of the Bible, named after this king, is published for the first time in London.King James
85%
Osama bin Laden, the mastermind behind the September 11, 2001, terrorist attacks is killed by U.S. forces during a raid on his compound hideout in this country on May 2, 2011.Pakistan
85%
On May 2, 1519, this painter, architect, inventor, and scientist, best known for his Mona Lisa, dies in Clos Luce in France.Leonardo Da Vinci
80%
The Loch Ness Monster was first spotted in this country of the United Kingdom on May 2, 1933.Scotland
80%
The Congo Free State, a colony of this European nation, is established by King Leopold II on May 2, 1885.Belgium
70%
On May 2, 1939, Lou Gehrig, first baseman for this baseball team, benches himself for poor play and ends his record streak of consecutive games played at 2,130. New York Yankees
70%
On May 2, 1945, the Soviet Union announces the capture of this city and soviet soldiers hoist their flag over the Reichstag building.Berlin
70%
This movie, starring Robert Downey Jr, is released on May 2, 2008, received near universal praise and kicked off the Marvel Cinematic Universe.Iron Man
70%
Hint Answer % Correct
On May 2, 1986, the city of Chernobyl in this country is evacuated 8 days after its nuclear reactor melts down.Ukraine
65%
On May 2, 2012, a pastel version of this painting by Norwegian painter Edvard Munch sells for $120 million at a New York City auction, setting a new world record.The Scream
55%
On May 2, 2015, this royal and fourth in line to the British throne is born.Princess Charlotte
55%
On May 2, 1863, this Civil War general is wounded by friendly fire while returning to camp after reconnoitering during the Battle of Chancellorsville in Virginia.Stonewall Jackson
50%
On May 2, 1955, this author wins the Pulitzer Prize for Drama for his play 'Cat On A Hot Tin Roof.'Tennessee Williams
40%
On May 2, 2000, US President Bill Clinton announces that this technology would no longer be restricted to the US military.GPS
30%
On May 2, 2008, Cyclone Nargis makes landfall in this country, killing over 138,000 people and leaving millions more homeless.Burma
10%

You're not logged in!

Compare scores with friends on all Sporcle quizzes.
OR
Log In

You Might Also Like...

Show Comments

Extras

Created May 2, 2017ReportNominate
Tags:May

Top Quizzes Today


Score Distribution

Your Account Isn't Verified!

In order to create a playlist on Sporcle, you need to verify the email address you used during registration. Go to your Sporcle Settings to finish the process.

Report this User

Report this user for behavior that violates our Community Guidelines.

Details: